000 00425pab a2200157 454500
008 180718b2001 xxu||||| |||| 00| 0 eng d
100 _aRavi, Aparna
245 _aCombating child labour with lebels: case of rugmark
260 _c2001
300 _ap.1141-148
362 _a31 Mar
650 _aChild labour - India - Uttar Pradesh
650 _aChild labour
773 _aEconomic and Political Weekly
909 _a48161
999 _c48161
_d48161